Sanat- "Tulipalo" - Kuumaa - Statistics

Yleistilastot
  • Tätä visaa on pelattu 474 kertaa
  • Keskiarvotulos 168 / 203
Vastaustilastot
Vastaus % Oikein
98%
tulipalo
98%
Tulipalo
98%
ja
97%
tulitikkuja
97%
haluun
96%
on
96%
sua
96%
irti
95%
hullu
94%
niin
93%
niinku
93%
mut
92%
tuhlaan
91%
ei
89%
et
89%
vaan
88%
mutta
87%
rakastua
87%
suhun
87%
86%
etten
86%
nukuta
86%
pimenee
86%
86%
meitä
85%
85%
vannoin
85%
aio
83%
jo
76%
Miten
72%
miten
72%
oon
72%
menee
70%
arvaa
65%
kanssa
64%
ehkä
63%
siin
63%
muidenkin
62%
pystyt
61%
sun
60%
tää
60%
tullu
60%
vastaan
60%
yrittänyt
60%
pysythän
58%
umpikujii
57%
haaleit
56%
hahmoi
56%
sattuman
56%
kauppaa
55%
viel
54%
aikaan
53%
kerran
53%
oli
53%
paikkaan
53%
samaan
52%
viihtyä
52%
kyl
51%
kaiken
50%
Sanotaan
47%
varaan
47%
ihan
46%
mihin
46%
lasken
45%
osuttiin
45%
kaa
43%
valmis
43%
lähtee
40%
kummastakaan
38%
taas
37%
tunteet
37%
kadonnut
33%
piiskaamalla
33%
Ehtoja vastaavia visoja ei löytynyt
Tulosjakauma
Jokaisen tuloksen saaneiden osuus
Persentiili vastausten määrän mukaan
Tuloshistoriasi
Et ole pelannut tätä visaa